Grandes villes de France ayant jamais été en TOP 14 - Statistiques

Statistiques générales
  • Ce quiz a été pris 275 fois
  • Le résultat moyen est 20 sur 30
Statistiques - réponses
Population Villes % Correct
862 211 Marseille
98%
232 440 Lille
96%
279 284 Strasbourg
94%
306 694 Nantes
93%
216 268 Rennes
91%
342 637 Nice
88%
139 342 Brest
85%
117 890 Metz
79%
183 113 Reims
79%
171 924 Saint-Étienne
76%
170 352 Le Havre
73%
155 090 Dijon
72%
114 782 Orléans
72%
151 229 Angers
70%
110 117 Rouen
70%
136 565 Tours
68%
133 755 Amiens
63%
151 001 Nîmes
61%
132 660 Limoges
58%
142 991 Le Mans
57%
111 354 Saint-Denis (93)
57%
147 920 Saint-Denis (974)
57%
126 419 Annecy
54%
108 999 Mulhouse
54%
116 466 Besançon
53%
143 006 Aix-en-Provence
50%
149 019 Villeurbanne
49%
119 645 Boulogne-Billancourt
39%
110 468 Argenteuil
30%
108 402 Montreuil
29%
Aucun quiz correspondant
Distribution des résultats
% des personnes avec chaque résultat
Percentile par nombre de réponses
Votre historique - résultats
Vous n’avez pas pris ce quiz